[Event "Mercredi 2022.05.11 ABCD"]
[Site "Montreal CAN"]
[Date "2022.06.07"]
[Round "2"]
[White "Toenz, Antoine"]
[Black "Latorre, Vincent"]
[Result "1/2-1/2"]
[WhiteElo "2050"]
[BlackElo "2169"]
[PlyCount "116"]
[EventDate "2022.05.11"]
[EventType "tourn"]
[EventRounds "5"]
[EventCountry "CAN"]

1. e4 g6 2. d4 Bg7 3. Be2 d6 4. h4 h5 5. Nf3 Nd7 6. a4 Ngf6 7. Nc3 O-O 8. O-O
c5 9. d5 a6 10. Bf4 Ng4 11. Ra3 Rb8 12. Ng5 Nge5 13. Bxe5 Bxe5 14. Bxh5 gxh5
15. Qxh5 Nf6 16. Qh6 Qd7 17. Ne2 Qg4 18. Ng3 Bf4 19. Rf3 b5 20. a5 Bd7 21. Ne2
Bxg5 22. hxg5 Nh7 23. Nf4 Qxg5 24. Rg3 Bg4 25. Qxg5+ Nxg5 26. Rxg4 f6 27. Ne6
Kf7 28. Nxf8 Rxf8 29. Re1 e5 30. f4 exf4 31. Rxf4 Rg8 32. Kf2 Re8 33. Ke3 Kg6
34. Kd3 Rb8 35. Ref1 Nh7 36. Rg4+ Ng5 37. Rh4 Re8 38. b3 Rc8 39. Rfh1 Kg7 40.
g3 Re8 41. c4 b4 42. Rf4 Re7 43. Rhh4 Re8 44. Ke3 Kg6 45. Rf1 Rf8 46. Kf4 Re8
47. Re1 Nf7 48. Reh1 Ng5 49. Rh6+ Kg7 50. Rxf6 Kxf6 51. Rh6+ Kg7 52. Rxd6 Nxe4
53. Rxa6 Nd2 54. Ra7+ Kf6 55. Ra6+ Kf7 56. Ra7+ Kf6 57. Ra6+ Kf7 58. Kf5 Nxb3
1/2-1/2

[Event "Mercredi 2022.05.11 ABCD"]
[Site "Montreal CAN"]
[Date "2022.05.25"]
[Round "3"]
[White "Di Matteo, Alessio"]
[Black "Batorshin, Illia"]
[Result "0-1"]
[WhiteElo "1926"]
[BlackElo "2008"]
[PlyCount "40"]
[EventDate "2022.05.11"]
[EventType "tourn"]
[EventRounds "5"]
[EventCountry "CAN"]

1. e4 c5 2. Nf3 e6 3. d4 cxd4 4. Nxd4 Nf6 5. Nc3 Nc6 6. Bc4 Bb4 7. O-O O-O 8.
Bg5 h6 9. Bh4 Ne5 10. Be2 Ng6 11. Bg3 Bxc3 12. bxc3 Nxe4 13. Qd3 d5 14. Rab1 e5
15. Nb3 b6 16. c4 Ba6 17. Qe3 f5 18. cxd5 Bxe2 19. Qxe2 Nc3 20. Qh5 Qg5 0-1

[Event "Mercredi 2022.05.11 ABCD"]
[Site "Montreal CAN"]
[Date "2022.05.25"]
[Round "3"]
[White "Gauthier, Luc"]
[Black "Nica, Ion"]
[Result "0-1"]
[WhiteElo "1617"]
[BlackElo "1696"]
[PlyCount "52"]
[EventDate "2022.05.11"]
[EventType "tourn"]
[EventRounds "5"]
[EventCountry "CAN"]

1. e4 d6 2. d4 Nf6 3. Nc3 Nbd7 4. f4 e5 5. Nf3 exd4 6. Nxd4 g6 7. Be2 Bg7 8.
Be3 O-O 9. Bf3 Re8 10. Qd2 Nc5 11. O-O-O Nfxe4 12. Nxe4 Nxe4 13. Bxe4 Rxe4 14.
h3 Bd7 15. g4 c5 16. Ne2 Qe8 17. Ng3 Rxe3 18. Rhe1 Rxe1 19. Rxe1 Qf8 20. f5 Bh6
21. g5 Bg7 22. f6 Re8 23. Re4 Bc6 24. Rh4 Re5 25. Nf1 Qe8 26. Qf2 Rf5 0-1

[Event "Mercredi 2022.05.11 ABCD"]
[Site "Montreal CAN"]
[Date "2022.05.25"]
[Round "3"]
[White "Genzling, Jerome"]
[Black "Guillemette, Hugo"]
[Result "1-0"]
[WhiteElo "2020"]
[BlackElo "1989"]
[PlyCount "65"]
[EventDate "2022.05.11"]
[EventType "tourn"]
[EventRounds "5"]
[EventCountry "CAN"]

1. e4 c5 2. Nf3 e6 3. d4 cxd4 4. Nxd4 Nc6 5. g3 Qc7 6. Be3 a6 7. Bg2 Nf6 8. O-O
Be7 9. c4 O-O 10. b3 d6 11. Nc3 Ne5 12. h3 Ng6 13. Rc1 Bd7 14. f4 e5 15. Nde2
exf4 16. Nxf4 Ne5 17. Ncd5 Nxd5 18. Nxd5 Qd8 19. Bb6 Qe8 20. Nc7 Qc8 21. Nxa8
Qxa8 22. Bd4 Qc8 23. Kh2 Bg5 24. Rc2 Re8 25. c5 Bb5 26. cxd6 Qe6 27. Rf5 Bf6
28. Bxe5 Bxe5 29. Rxe5 Qxe5 30. d7 Rd8 31. Rc8 Qg5 32. h4 Qe7 33. Qd6 1-0

[Event "Mercredi 2022.05.11 ABCD"]
[Site "Montreal CAN"]
[Date "2022.05.25"]
[Round "3"]
[White "Kozlov, Guennadi"]
[Black "Abderaouf, Sekki"]
[Result "0-1"]
[WhiteElo "1833"]
[BlackElo "1794"]
[PlyCount "100"]
[EventDate "2022.05.11"]
[EventType "tourn"]
[EventRounds "5"]
[EventCountry "CAN"]

1. e4 d6 2. d4 Nf6 3. Nc3 Nbd7 4. Bc4 e5 5. Nf3 h6 6. O-O c6 7. a4 Be7 8. dxe5
dxe5 9. Qe2 Qc7 10. Nh4 Nb6 11. Bb3 g5 12. a5 Nbd7 13. Nf5 Nc5 14. Bc4 Ncxe4
15. Nxe4 Bxf5 16. f3 Bg6 17. Rd1 Nxe4 18. fxe4 O-O 19. Bd2 Rfd8 20. Bc3 Rxd1+
21. Rxd1 Rd8 22. Rxd8+ Bxd8 23. Qg4 Qd6 24. Bd3 Qc5+ 25. Kf1 Bxa5 26. Bxa5 Qxa5
27. Qc8+ Kg7 28. Qxb7 Qb6 29. Qxb6 axb6 30. b4 Kf6 31. Kf2 Ke6 32. Bc4+ Kd6 33.
Bd3 f6 34. g4 h5 35. h3 h4 36. Ke3 c5 37. b5 c4 38. Bxc4 Be8 39. Be2 Kc5 40.
Bd3 Bxb5 41. Bxb5 Kxb5 42. Kd3 Kb4 43. c3+ Kb3 44. Kd2 Kc4 45. Kc2 b5 46. Kd2
b4 47. cxb4 Kxb4 48. Kd3 Kb3 49. Kd2 Kc4 50. Ke3 Kc3 0-1

[Event "Mercredi 2022.05.11 ABCD"]
[Site "Montreal CAN"]
[Date "2022.05.25"]
[Round "3"]
[White "Kulenovic, Sacha"]
[Black "Allaire, Denis"]
[Result "0-1"]
[WhiteElo "1668"]
[BlackElo "1617"]
[PlyCount "52"]
[EventDate "2022.05.11"]
[EventType "tourn"]
[EventRounds "5"]
[EventCountry "CAN"]

1. g4 d5 2. h3 e5 3. Bg2 c6 4. d3 Bd6 5. c4 Be6 6. Qb3 Qd7 7. Nc3 Ne7 8. Nf3 f6
9. g5 Na6 10. gxf6 gxf6 11. cxd5 Nxd5 12. a3 Nf4 13. Qc2 Nxg2+ 14. Kd1 Nc5 15.
Ne4 Nxe4 16. dxe4 Bc5+ 17. Bd2 Bxf2 18. Kc1 Bxh3 19. Rd1 Ne3 20. Bxe3 Bxe3+ 21.
Kb1 Qe7 22. Rd3 Bb6 23. Nxe5 Qxe5 24. Rxh3 O-O-O 25. Ka2 Qe6+ 26. b3 Qxh3 0-1

[Event "Mercredi 2022.05.11 ABCD"]
[Site "Montreal CAN"]
[Date "2022.05.25"]
[Round "3"]
[White "Latorre, Vincent"]
[Black "Cardin, Guillaume"]
[Result "1/2-1/2"]
[WhiteElo "2169"]
[BlackElo "2034"]
[PlyCount "71"]
[EventDate "2022.05.11"]
[EventType "tourn"]
[EventRounds "5"]
[EventCountry "CAN"]

1. e4 c5 2. Nf3 Nc6 3. Nc3 e5 4. Bc4 Be7 5. d3 Nf6 6. Nd2 d6 7. Nf1 Bg4 8. f3
Be6 9. Ne3 O-O 10. O-O Nh5 11. Ncd5 Bg5 12. g3 Bxe3+ 13. Bxe3 Na5 14. a4 Nxc4
15. dxc4 Bxd5 16. Qxd5 Qe7 17. a5 Nf6 18. Qd3 h6 19. Rfd1 Rad8 20. Rd2 Rfe8 21.
Rad1 Qc7 22. Qa3 b6 23. Rd3 Qc6 24. Rb3 Nd7 25. Rbd3 Nf8 26. Rd5 Rd7 27. axb6
axb6 28. Qb3 Ra8 29. Qb5 Qc7 30. Qb3 Ng6 31. Qd3 Rad8 32. Qb3 Ra8 33. Qd3 Rad8
34. Qa3 Qc6 35. Qb3 Ra8 36. Qb5 1/2-1/2

[Event "Mercredi 2022.05.11 ABCD"]
[Site "Montreal CAN"]
[Date "2022.05.25"]
[Round "3"]
[White "Lima-Barbosa, Raphael"]
[Black "Chapdelaine, Gwyn"]
[Result "1-0"]
[WhiteElo "1812"]
[BlackElo "1867"]
[PlyCount "91"]
[EventDate "2022.05.11"]
[EventType "tourn"]
[EventRounds "5"]
[EventCountry "CAN"]

1. e4 c6 2. d4 d5 3. e5 c5 4. dxc5 Nc6 5. Bb5 Bf5 6. Nf3 e6 7. Be3 g6 8. Nd4
Rc8 9. g4 Be4 10. f3 Qh4+ 11. Bf2 Qh3 12. fxe4 dxe4 13. Nd2 e3 14. Qf3 Qxf3 15.
N2xf3 exf2+ 16. Kxf2 Bxc5 17. Bxc6+ Rxc6 18. c3 Ne7 19. Kg3 Rb6 20. b4 Bxd4 21.
Nxd4 Nd5 22. a3 O-O 23. c4 Ne7 24. c5 Ra6 25. Rhd1 Rd8 26. a4 Rd5 27. a5 b5 28.
Nxb5 Rxd1 29. Rxd1 Nd5 30. Rd4 Kg7 31. Kf3 f6 32. exf6+ Kxf6 33. Rc4 Ne7 34.
Nd4 e5 35. Nb3 Re6 36. b5 Nd5 37. c6 e4+ 38. Rxe4 Rxe4 39. Kxe4 Ke6 40. Kd4 Kd6
41. Nc5 Nf4 42. Ne4+ Ke7 43. b6 axb6 44. axb6 Kd8 45. c7+ Kd7 46. Nd6 1-0

[Event "Mercredi 2022.05.11 ABCD"]
[Site "Montreal CAN"]
[Date "2022.05.25"]
[Round "3"]
[White "Lopez Linares, Lizandro"]
[Black "Toenz, Antoine"]
[Result "1-0"]
[WhiteElo "2108"]
[BlackElo "2050"]
[PlyCount "117"]
[EventDate "2022.05.11"]
[EventType "tourn"]
[EventRounds "5"]
[EventCountry "CAN"]

1. d4 d5 2. c4 e6 3. Nc3 Nf6 4. Nf3 Bb4 5. cxd5 exd5 6. Bg5 c6 7. Rc1 O-O 8. e3
h6 9. Bh4 Bf5 10. Qb3 Bxc3+ 11. bxc3 b5 12. Bxf6 Qxf6 13. Ne5 Re8 14. a4 a6 15.
Be2 Nd7 16. Nxd7 Bxd7 17. O-O Qg6 18. Bf3 Bf5 19. axb5 axb5 20. Ra1 h5 21. Kh1
h4 22. h3 Qe6 23. Kh2 Qd6+ 24. Kh1 Rxa1 25. Rxa1 Re6 26. Ra8+ Kh7 27. Qd1 Rf6
28. Qe2 Qe6 29. Kh2 Qd6+ 30. Kg1 Qe6 31. Kf1 Be4 32. Bg4 Qd6 33. Kg1 b4 34.
cxb4 Qxb4 35. f3 Qb1+ 36. Kh2 Bd3 37. Qf2 g5 38. Re8 Bf5 39. Re5 Kg6 40. f4 Qd3
41. fxg5 Kxg5 42. Qf4+ Kg6 43. Bf3 Re6 44. Bh5+ Kf6 45. Qxh4+ Kg7 46. Qg5+ Bg6
47. Rxe6 fxe6 48. Qxg6+ Qxg6 49. Bxg6 Kxg6 50. Kg3 Kf5 51. Kf3 e5 52. h4 e4+
53. Ke2 Kg4 54. g3 Kh5 55. Kf2 Kg4 56. Kg2 Kh5 57. Kh3 Kh6 58. g4 Kg6 59. Kg3
1-0

[Event "Mercredi 2022.05.11 ABCD"]
[Site "Montreal CAN"]
[Date "2022.05.25"]
[Round "3"]
[White "Milosz, Jerzy"]
[Black "Millette, Sylvain"]
[Result "1/2-1/2"]
[WhiteElo "1558"]
[BlackElo "1603"]
[PlyCount "54"]
[EventDate "2022.05.11"]
[EventType "tourn"]
[EventRounds "5"]
[EventCountry "CAN"]

1. e4 f5 2. Nc3 fxe4 3. Qh5+ g6 4. Qe5 Nf6 5. Nxe4 Bg7 6. Nxf6+ Bxf6 7. Qd5 e6
8. Qb3 Nc6 9. c3 b6 10. d4 Bb7 11. Be3 Qe7 12. Nf3 O-O 13. O-O-O a5 14. a4 Ba6
15. Bb5 Bxb5 16. Qxb5 Rfb8 17. Bg5 Bxg5+ 18. Qxg5 Qxg5+ 19. Nxg5 b5 20. b3 bxa4
21. bxa4 Ne7 22. Kc2 Rb7 23. Ne4 d6 24. Rb1 Rab8 25. Rxb7 Rxb7 26. Rb1 Rxb1 27.
Kxb1 h6 1/2-1/2

[Event "Mercredi 2022.05.11 ABCD"]
[Site "Montreal CAN"]
[Date "2022.06.14"]
[Round "3"]
[White "Rodrigue-Lemieux, Shawn"]
[Black "Adam, Rafael"]
[Result "1-0"]
[WhiteElo "2457"]
[BlackElo "2043"]
[PlyCount "103"]
[EventDate "2022.05.11"]
[EventType "tourn"]
[EventRounds "5"]
[EventCountry "CAN"]

1. a3 e5 2. c3 d5 3. d4 e4 4. c4 c6 5. Nc3 Nf6 6. cxd5 cxd5 7. Bg5 Be6 8. e3
Be7 9. Nge2 Nbd7 10. Nf4 O-O 11. Bxf6 Nxf6 12. Qb3 Qd7 13. Bb5 Qd6 14. Be2 a6
15. Rc1 b5 16. O-O g5 17. Nxe6 Qxe6 18. Rc2 Rac8 19. Rfc1 Kg7 20. Nb1 Rfd8 21.
Nd2 Ne8 22. a4 b4 23. h3 Nf6 24. a5 Rxc2 25. Qxc2 Nd7 26. Nb3 Nb8 27. Qc7 Qd6
28. Bg4 Kg6 29. Bc8 Qxc7 30. Rxc7 Bd6 31. Rc2 Kf6 32. g4 Ke7 33. Kg2 Re8 34.
Kf1 Rd8 35. Ke2 Rh8 36. Bb7 Ke6 37. Nc5+ Bxc5 38. Rxc5 Rd8 39. Kd2 Rd6 40. Kc2
Nd7 41. Rc6 Rxc6+ 42. Bxc6 Nb8 43. Bb7 Kd6 44. Kb3 Nc6 45. Ka4 Nb8 46. Kxb4 f6
47. Ka4 Ke6 48. b4 Kd6 49. b5 axb5+ 50. Kxb5 Nd7 51. a6 Kc7 52. Bxd5 1-0

[Event "Mercredi 2022.05.11 ABCD"]
[Site "Montreal CAN"]
[Date "2022.05.25"]
[Round "3"]
[White "Singher, Jean-Pierre"]
[Black "Baran, Marius"]
[Result "0-1"]
[WhiteElo "1915"]
[BlackElo "1753"]
[PlyCount "72"]
[EventDate "2022.05.11"]
[EventType "tourn"]
[EventRounds "5"]
[EventCountry "CAN"]

1. d4 Nf6 2. c4 e6 3. Nf3 d5 4. Nc3 Bb4 5. e3 O-O 6. Bd3 b6 7. O-O dxc4 8. Bxc4
Bb7 9. a3 Bxc3 10. bxc3 Nbd7 11. Qe2 c5 12. a4 Ne4 13. Bb2 Qc7 14. Rfd1 Rfd8
15. Rac1 Rac8 16. Nd2 Nxd2 17. Rxd2 Nf6 18. f3 cxd4 19. cxd4 Qe7 20. e4 Qb4 21.
Rdc2 a6 22. g3 Qxa4 23. Ra1 Qc6 24. Bd3 Qd7 25. Bxa6 Rxc2 26. Qxc2 Bxa6 27.
Rxa6 Rc8 28. Qb3 b5 29. Rb6 h6 30. Rxb5 Qc6 31. Rc5 Qa6 32. Qc3 Rb8 33. Qc2 Nd7
34. Rc6 Qb7 35. Bc1 Qb4 36. Be3 Qe1+ 0-1

[Event "Mercredi 2022.05.11 ABCD"]
[Site "Montreal CAN"]
[Date "2022.06.08"]
[Round "4"]
[White "Abderaouf, Sekki"]
[Black "Lima-Barbosa, Raphael"]
[Result "1-0"]
[WhiteElo "1794"]
[BlackElo "1812"]
[PlyCount "61"]
[EventDate "2022.05.11"]
[EventType "tourn"]
[EventRounds "5"]
[EventCountry "CAN"]

1. d4 Nf6 2. c4 g6 3. Nc3 Bg7 4. e4 d6 5. Be2 O-O 6. Be3 e5 7. d5 a5 8. g4 Na6
9. g5 Nd7 10. h4 Ndc5 11. h5 f5 12. gxf6 Qxf6 13. hxg6 hxg6 14. Qd2 Bd7 15.
O-O-O Nb4 16. Kb1 Rfb8 17. Nh3 Na4 18. Nxa4 Bxa4 19. b3 Bd7 20. Ng5 Na6 21. Nh7
Qf7 22. Bh6 Bh8 23. Be3 b5 24. Rdg1 bxc4 25. Bh5 Qxh7 26. Bxg6 Qe7 27. Bg5 Qf8
28. Rxh8+ Kxh8 29. Bf6+ Kg8 30. Be8+ Kh7 31. Rh1+ 1-0

[Event "Mercredi 2022.05.11 ABCD"]
[Site "Montreal CAN"]
[Date "2022.06.08"]
[Round "4"]
[White "Adam, Rafael"]
[Black "Toenz, Antoine"]
[Result "0-1"]
[WhiteElo "2043"]
[BlackElo "2050"]
[PlyCount "80"]
[EventDate "2022.05.11"]
[EventType "tourn"]
[EventRounds "5"]
[EventCountry "CAN"]

1. d4 d5 2. c4 c6 3. Nf3 Nf6 4. e3 e6 5. b3 Nbd7 6. Bb2 b6 7. Bd3 Bd6 8. O-O
O-O 9. Nc3 Bb7 10. Qc2 Rc8 11. Rfd1 h6 12. Rac1 c5 13. Qb1 a6 14. e4 cxd4 15.
Nxd4 Bf4 16. Rc2 dxe4 17. Be2 e3 18. Bc1 exf2+ 19. Kxf2 Ng4+ 20. Bxg4 Qh4+ 21.
Kf1 Qxg4 22. Bxf4 Qxf4+ 23. Kg1 Qe3+ 24. Kh1 Rfd8 25. Qb2 Nf6 26. Re2 Qf4 27.
Rf2 Qh4 28. Nf3 Rxd1+ 29. Nxd1 Bxf3 30. gxf3 Rd8 31. Ne3 Nh5 32. Qc2 Qd4 33.
Re2 Nf4 34. Re1 Nd3 35. Re2 Qf4 36. Kg2 Qg5+ 37. Kf1 Qh5 38. Ng4 Qh3+ 39. Kg1
Qxf3 40. Ne3 Nf4 0-1

[Event "Mercredi 2022.05.11 ABCD"]
[Site "Montreal CAN"]
[Date "2022.06.08"]
[Round "4"]
[White "Allaire, Denis"]
[Black "Millette, Sylvain"]
[Result "1-0"]
[WhiteElo "1617"]
[BlackElo "1603"]
[PlyCount "67"]
[EventDate "2022.05.11"]
[EventType "tourn"]
[EventRounds "5"]
[EventCountry "CAN"]

1. e4 Nf6 2. e5 Nd5 3. c4 Nb6 4. d4 d6 5. f4 dxe5 6. fxe5 c5 7. d5 g6 8. Nf3
Bg7 9. h3 O-O 10. Bd3 e6 11. d6 Nc6 12. Bf4 Nd7 13. Qe2 Nd4 14. Nxd4 cxd4 15.
Nd2 Qa5 16. O-O f6 17. exf6 Nxf6 18. Nb3 Qb6 19. Be5 Bd7 20. c5 Qb4 21. Rfc1
Qa4 22. Rc4 Qc6 23. Nxd4 Qc8 24. Rac1 Nd5 25. Bxg7 Kxg7 26. Qe5+ Kg8 27. b4 Nf4
28. Bf1 Qe8 29. R4c2 Qf7 30. b5 Rac8 31. c6 bxc6 32. bxc6 Bxc6 33. Nxc6 Rxc6
34. Rxc6 1-0

[Event "Mercredi 2022.05.11 ABCD"]
[Site "Montreal CAN"]
[Date "2022.06.08"]
[Round "4"]
[White "Baran, Marius"]
[Black "Chapdelaine, Gwyn"]
[Result "1-0"]
[WhiteElo "1753"]
[BlackElo "1867"]
[PlyCount "65"]
[EventDate "2022.05.11"]
[EventType "tourn"]
[EventRounds "5"]
[EventCountry "CAN"]

1. d4 Nf6 2. c4 e5 3. dxe5 Ng4 4. Nf3 Bc5 5. e3 Nc6 6. h3 Ngxe5 7. Be2 d6 8.
Nxe5 Nxe5 9. Nd2 Qg5 10. Kf1 Qf5 11. Nf3 Nxf3 12. Bxf3 Be6 13. b3 O-O 14. Bb2
Rad8 15. g4 Qg6 16. Rc1 f5 17. Rg1 Qh6 18. gxf5 Rxf5 19. Rxg7+ Kf8 20. Rg3 Qh4
21. Kg2 Rg5 22. Bg4 Qh6 23. Qf3+ Ke7 24. Bxe6 Kxe6 25. Rxg5 Qxg5+ 26. Qg4+
Qxg4+ 27. hxg4 d5 28. Rd1 c6 29. cxd5+ cxd5 30. Bd4 Rc8 31. Rh1 Bxd4 32. exd4
Rc7 33. Rh6+ 1-0

[Event "Mercredi 2022.05.11 ABCD"]
[Site "Montreal CAN"]
[Date "2022.06.08"]
[Round "4"]
[White "Cardin, Guillaume"]
[Black "Lopez Linares, Lizandro"]
[Result "1-0"]
[WhiteElo "2034"]
[BlackElo "2108"]
[PlyCount "83"]
[EventDate "2022.05.11"]
[EventType "tourn"]
[EventRounds "5"]
[EventCountry "CAN"]

1. d4 d5 2. c4 c6 3. Nf3 Nf6 4. e3 e6 5. b3 Nbd7 6. Bb2 b6 7. Bd3 Bb7 8. O-O
Bd6 9. Nc3 Qe7 10. Qc2 O-O 11. Rfe1 dxc4 12. Bxc4 Rac8 13. e4 e5 14. Rad1 b5
15. Bf1 Rfe8 16. Nh4 g6 17. Nf3 a6 18. Qc1 exd4 19. Nxd4 Ng4 20. g3 b4 21. Na4
c5 22. Nf3 Nde5 23. Nxe5 Nxe5 24. Bg2 f6 25. Nb6 Rcd8 26. Nd5 Qf7 27. f4 Nd7
28. Ne3 Bf8 29. Nc4 Nb8 30. Qa1 Be7 31. Na5 Bc8 32. e5 f5 33. Nc4 Be6 34. Nd6
Bxd6 35. exd6 h5 36. Qc1 Nd7 37. Bc6 Kh7 38. Bxd7 Qxd7 39. Qxc5 Rc8 40. Qd4 Rc2
41. Rxe6 Qb7 42. Re7+ 1-0

[Event "Mercredi 2022.05.11 ABCD"]
[Site "Montreal CAN"]
[Date "2022.06.08"]
[Round "4"]
[White "Genzling, Jerome"]
[Black "Jacquet, Stephane"]
[Result "1-0"]
[WhiteElo "2020"]
[BlackElo "1979"]
[PlyCount "83"]
[EventDate "2022.05.11"]
[EventType "tourn"]
[EventRounds "5"]
[EventCountry "CAN"]

1. e4 d6 2. d4 g6 3. Nc3 Bg7 4. f4 Nf6 5. a3 c5 6. dxc5 Qa5 7. b4 Qc7 8. Bb2
O-O 9. cxd6 exd6 10. Bd3 Re8 11. Nge2 Nc6 12. h3 Qb6 13. Qd2 Bd7 14. O-O-O a5
15. b5 Na7 16. a4 Rac8 17. g4 h5 18. g5 Nh7 19. f5 Be5 20. Ba3 Rxc3 21. Nxc3
Qd4 22. Bb2 Qb4 23. Rdf1 Rc8 24. Nd1 Qxa4 25. fxg6 fxg6 26. Bxe5 dxe5 27. Qf2
Bxb5 28. Qf7+ Kh8 29. Qd5 Qa1+ 30. Kd2 Bxd3 31. Qxd3 Nc6 32. Nc3 Qa3 33. Nd5
Qc5 34. h4 Rd8 35. Qc3 Qd6 36. Kc1 b5 37. Rf7 b4 38. Qb2 a4 39. Rd1 Qc5 40. Rc7
Qb5 41. Rxc6 Qxc6 42. Qxe5+ 1-0

[Event "Mercredi 2022.05.11 ABCD"]
[Site "Montreal CAN"]
[Date "2022.06.08"]
[Round "4"]
[White "Kulenovic, Sacha"]
[Black "Gauthier, Luc"]
[Result "1/2-1/2"]
[WhiteElo "1668"]
[BlackElo "1617"]
[PlyCount "91"]
[EventDate "2022.05.11"]
[EventType "tourn"]
[EventRounds "5"]
[EventCountry "CAN"]

1. g4 e5 2. Bg2 h5 3. gxh5 Qg5 4. Bf3 Qh4 5. d3 Bc5 6. e3 Nc6 7. Nc3 Nge7 8.
Be2 d5 9. Nf3 Qxh5 10. d4 Bd6 11. Nxe5 Qh4 12. Nf3 Qf6 13. e4 dxe4 14. Nxe4 Qf5
15. Nxd6+ cxd6 16. c4 Qa5+ 17. Bd2 Qb6 18. Bc3 d5 19. c5 Qc7 20. Qd2 Bg4 21.
Qg5 Bxf3 22. Bxf3 O-O-O 23. Qg4+ f5 24. Qg3 f4 25. Qg4+ Kb8 26. O-O-O g6 27.
Bd2 Rdf8 28. Bc3 Ka8 29. Qg2 Qd7 30. Rde1 Qf5 31. b4 Qd3 32. Kb2 Nxd4 33. Rc1
Nxf3 34. Bxh8 Rxh8 35. Rhd1 Qe4 36. Qf1 Qxb4+ 37. Ka1 Qe4 38. Qd3 Qe5+ 39. Kb1
Qe4 40. Qxe4 dxe4 41. Rd7 Nc6 42. Rcd1 Kb8 43. Rg7 Rd8 44. Rxd8+ Nxd8 45. Rxg6
Nxh2 46. Rf6 1/2-1/2

[Event "Mercredi 2022.05.11 ABCD"]
[Site "Montreal CAN"]
[Date "2022.06.08"]
[Round "4"]
[White "Nica, Ion"]
[Black "Milosz, Jerzy"]
[Result "1-0"]
[WhiteElo "1696"]
[BlackElo "1558"]
[PlyCount "103"]
[EventDate "2022.05.11"]
[EventType "tourn"]
[EventRounds "5"]
[EventCountry "CAN"]

1. d4 Nf6 2. Bf4 e6 3. Nd2 d5 4. e3 a6 5. c3 Bd6 6. Bg3 Bxg3 7. hxg3 Qd6 8.
Ngf3 Nbd7 9. Bd3 e5 10. dxe5 Nxe5 11. Nxe5 Qxe5 12. Qc2 h5 13. O-O-O Be6 14.
Nf3 Qd6 15. e4 Qb6 16. exd5 Nxd5 17. Nd4 O-O-O 18. Nxe6 fxe6 19. Bg6 Rdf8 20.
Rd2 Ne7 21. Be4 Kb8 22. Rhd1 c6 23. Bf3 Nd5 24. Qg6 Nf6 25. Qxg7 Ng4 26. Bxg4
hxg4 27. Qxg4 Rxf2 28. Rxf2 Qxf2 29. Qf4+ Qxf4+ 30. gxf4 Kc7 31. g4 Rh4 32. Rg1
Kd6 33. Rg2 Ke7 34. Kd2 e5 35. f5 Rh3 36. g5 Rf3 37. g6 Kf8 38. g7+ Kg8 39. Rg5
e4 40. Ke2 a5 41. a4 Rd3 42. Rg2 Rf3 43. Rf2 Rxf2+ 44. Kxf2 Kxg7 45. Ke3 b5 46.
b3 Kf7 47. Kxe4 Kf6 48. Kf4 bxa4 49. bxa4 Kf7 50. Ke5 Ke7 51. f6+ Kd7 52. c4
1-0

[Event "Mercredi 2022.05.11 ABCD"]
[Site "Montreal CAN"]
[Date "2022.06.08"]
[Round "4"]
[White "Nunez, Omar"]
[Black "Di Matteo, Alessio"]
[Result "0-1"]
[WhiteElo "1935"]
[BlackElo "1926"]
[PlyCount "92"]
[EventDate "2022.05.11"]
[EventType "tourn"]
[EventRounds "5"]
[EventCountry "CAN"]

1. f4 d5 2. Nf3 g6 3. g3 Bg7 4. Bg2 c5 5. d3 Nc6 6. O-O Nf6 7. Qe1 O-O 8. e4 d4
9. h3 Rb8 10. g4 Nb4 11. Na3 Nd7 12. Qg3 Qc7 13. Rf2 b5 14. Bf1 a6 15. Qh4 Bb7
16. f5 Ne5 17. Nxe5 Bxe5 18. fxg6 fxg6 19. Rg2 c4 20. Bg5 Rf7 21. Be2 c3 22. b3
Bd6 23. Rf1 Rxf1+ 24. Bxf1 Nc6 25. Bc1 Bf4 26. Qe1 Rf8 27. Rf2 Qe5 28. Bg2 Qg5
29. Rxf4 Rxf4 30. e5 Qh6 31. Bd5+ Kf8 32. Qf2 g5 33. Bxf4 gxf4 34. Qg2 Nxe5 35.
Bxb7 f3 36. Bxf3 Qe3+ 37. Qf2 Nxf3+ 38. Kg2 Qxf2+ 39. Kxf2 Ne5 40. Ke2 Kf7 41.
b4 Nc6 42. Kf3 e5 43. Ke4 Ke6 44. g5 Nxb4 45. h4 Nd5 46. h5 Nf4 0-1

[Event "Mercredi 2022.05.11 ABCD"]
[Site "Montreal CAN"]
[Date "2022.06.08"]
[Round "4"]
[White "Rodrigue-Lemieux, Shawn"]
[Black "Latorre, Vincent"]
[Result "*"]
[WhiteElo "2457"]
[BlackElo "2169"]
[PlyCount "71"]
[EventDate "2022.05.11"]
[EventType "tourn"]
[EventRounds "5"]
[EventCountry "CAN"]

1. a3 g6 2. h4 h5 3. Nf3 d6 4. d4 Bg7 5. e4 Nc6 6. Be3 Nf6 7. d5 Nb8 8. Nc3 a6
9. Be2 O-O 10. Qd2 c5 11. Bh6 b5 12. Bxg7 Kxg7 13. Ng5 Nbd7 14. a4 bxa4 15.
Nxa4 Rb8 16. O-O Ne5 17. Qc3 Bd7 18. Bxa6 Qc7 19. f4 Neg4 20. Bc4 Bb5 21. b3
Kg8 22. Nb2 Qb6 23. Rae1 Nh7 24. Nf3 Bd7 25. Nd3 Ra8 26. f5 Qa5 27. Qb2 Qa2 28.
Qc1 gxf5 29. e5 f6 30. exd6 exd6 31. Qf4 Ne5 32. Nfxe5 fxe5 33. Nxe5 dxe5 34.
d6+ Kh8 35. Qxe5+ Nf6 36. Ra1 *

[Event "Mercredi 2022.05.11 ABCD"]
[Site "Montreal CAN"]
[Date "2022.06.14"]
[Round "4"]
[White "Singher, Jean-Pierre"]
[Black "Kozlov, Guennadi"]
[Result "1-0"]
[WhiteElo "1915"]
[BlackElo "1833"]
[PlyCount "49"]
[EventDate "2022.05.11"]
[EventType "tourn"]
[EventRounds "5"]
[EventCountry "CAN"]

1. d4 d5 2. c4 c6 3. Nf3 e6 4. e3 Nf6 5. Nc3 Bd6 6. Bd3 h6 7. b3 Nbd7 8. Bb2
O-O 9. Qe2 dxc4 10. Bxc4 b5 11. Bd3 Nb6 12. O-O Bb7 13. Rad1 Nbd5 14. Bb1 Nxc3
15. Bxc3 Qc7 16. e4 Nd7 17. e5 Be7 18. Qe4 f5 19. exf6 Rxf6 20. Qh7+ Kf7 21. d5
e5 22. dxc6 Qxc6 23. Rxd7 Rxf3 24. Rxb7 Rxc3 25. Bg6+ 1-0

[Event "Mercredi 2022.05.11 ABCD"]
[Site "Montreal CAN"]
[Date "2022.06.15"]
[Round "5"]
[White "Allaire, Denis"]
[Black "Milosz, Jerzy"]
[Result "1-0"]
[WhiteElo "1617"]
[BlackElo "1558"]
[PlyCount "105"]
[EventDate "2022.05.11"]
[EventType "tourn"]
[EventRounds "5"]
[EventCountry "CAN"]

1. e4 c6 2. Nf3 d5 3. Nc3 Bg4 4. h3 Bxf3 5. Qxf3 e6 6. Be2 Nd7 7. d4 dxe4 8.
Nxe4 Ngf6 9. Nd2 Bb4 10. O-O Qb6 11. c3 Be7 12. Nc4 Qd8 13. Qg3 g6 14. Nd6+
Bxd6 15. Qxd6 Qb8 16. Qa3 a5 17. Bh6 b5 18. Bf3 Nd5 19. Rac1 a4 20. c4 b4 21.
Qd3 Ne7 22. Qe4 Ra6 23. g4 Nf6 24. Qe3 Rg8 25. Rfe1 Qd6 26. Bf4 Qd8 27. Bg5 Nd7
28. c5 Qc8 29. Be2 Nd5 30. Qg3 Ra7 31. Bc4 Nf8 32. Bd2 Qc7 33. Bxd5 Qxg3+ 34.
fxg3 cxd5 35. Bxb4 Rb7 36. c6 Rc7 37. Ba5 Rc8 38. b4 axb3 39. axb3 f5 40. b4
Rg7 41. b5 Ra7 42. Bb6 Ra2 43. Rb1 Ke7 44. Bc5+ Kf6 45. Bxf8 Rxf8 46. b6 Rc2
47. Rec1 Rc4 48. Rxc4 dxc4 49. Rc1 Ke7 50. Rxc4 Kd8 51. Ra4 Ke7 52. b7 Kd6 53.
Ra8 1-0

[Event "Mercredi 2022.05.11 ABCD"]
[Site "Montreal CAN"]
[Date "2022.06.15"]
[Round "5"]
[White "Chapdelaine, Gwyn"]
[Black "Abderaouf, Sekki"]
[Result "1-0"]
[WhiteElo "1867"]
[BlackElo "1794"]
[PlyCount "95"]
[EventDate "2022.05.11"]
[EventType "tourn"]
[EventRounds "5"]
[EventCountry "CAN"]

1. e4 d6 2. d4 Nf6 3. Nc3 Nbd7 4. Nf3 e5 5. dxe5 dxe5 6. Bc4 Bb4 7. O-O Bxc3 8.
bxc3 O-O 9. Ba3 c5 10. Re1 Qe7 11. Qd2 Nb6 12. Bd5 Rd8 13. Qe3 Nfxd5 14. exd5
Rxd5 15. Nxe5 f6 16. Nd3 Qxe3 17. Rxe3 Nc4 18. Re8+ Kf7 19. Rae1 Rxd3 20. cxd3
Nxa3 21. R1e7+ Kg6 22. Rd8 c4 23. d4 b5 24. Rc7 Bb7 25. Rxa8 Bxa8 26. Rxa7 Nb1
27. Rxa8 Nxc3 28. Rb8 Ne2+ 29. Kf1 Nxd4 30. Rd8 Nc6 31. Rd5 b4 32. Rc5 Ne5 33.
f4 Ng4 34. Ke2 b3 35. axb3 cxb3 36. h3 Nh6 37. g4 Nf7 38. Rb5 b2 39. Rxb2 Nd6
40. Kd3 Ne8 41. Rb7 Nd6 42. Rd7 Ne8 43. Ke3 Kh6 44. h4 g5 45. Re7 gxf4+ 46.
Kxf4 Ng7 47. h5 f5 48. g5+ 1-0